| 000 | 00756nas a2200265 a 4500 | ||
|---|---|---|---|
| 001 | 30191 | ||
| 003 | AR-BaAGN | ||
| 005 | 20231116145251.0 | ||
| 007 | ta | ||
| 008 | 220625s1955 ag |||||r|||| ||||||spa d | ||
| 040 |
_dAR-BaAGN _aAR-BaAGN _bspa _eaacr |
||
| 110 | 1 |
_aArgentina. _bDirección General del Servicio Estadístico Nacional |
|
| 245 | 1 | 0 | _aSíntesis estadística mensual de la República Argentina |
| 250 | _a1ª ed. | ||
| 260 |
_aBuenos Aires : _bServicio Estadístico Nacional, _c1955. |
||
| 300 | _a1 volumen | ||
| 336 |
_2rdacontent _btxt |
||
| 337 |
_2rdamedia _bn |
||
| 338 |
_2rdacarrier _bnc |
||
| 650 | 4 |
_aESTADÍSTICA _91681 |
|
| 650 | 4 |
_aECONOMÍA _91656 |
|
| 651 | 4 |
_aArgentina _93645 |
|
| 942 |
_cREVISTA _n0 |
||
| 999 |
_c30191 _d30191 |
||